Statistics for Historic Stadiums

Click here to take the quiz!

General Stats

  • This quiz has been taken 286 times
  • The average score is 12 of 20

Answer Stats

HintAnswer% Correct
AstrodomeHouston
92%
Candlestick ParkSan Francisco
84%
(Old) Yankee StadiumNew York City (Bronx)
83%
Comiskey ParkChicago
75%
Hubert H. Humphrey MetrodomeMinneapolis
72%
______ GardenBoston
71%
Shea StadiumNew York City (Queens)
71%
RFK StadiumWashington D.C.
69%
The ForumLos Angeles (Inglewood)
67%
KingdomeSeattle
65%
Ebbets FieldNew York City (Brooklyn)
64%
Joe Louis ArenaDetroit
63%
Polo GroundsNew York City (Manhattan)
61%
The SpectrumPhiladelphia
47%
Forbes FieldPittsburgh
46%
RCA DomeIndianapolis
41%
Crosley FieldCincinnati
35%
Shibe ParkPhiladelphia
33%
Sportsmans ParkSt. Louis
32%
Griffith StadiumWashington D.C.
32%

Score Distribution

Percentile by Number Answered

Percent of People with Each Score

Your Score History

You have not taken this quiz